| 000 | 00727nam a2200241Ia 4500 | ||
|---|---|---|---|
| 003 | OSt | ||
| 005 | 20220925172502.0 | ||
| 006 | a|||||r|||| 00| 0 | ||
| 007 | ta | ||
| 008 | 220923b |||||||| |||| 00| 0 eng d | ||
| 037 | _cGeneral Book | ||
| 040 |
_aRTL _cRTL _beng |
||
| 041 |
_2eng _aeng |
||
| 082 | _aX9(F56):76.2.N68t, K8 | ||
| 110 | _aIndia Tariff (Commission) | ||
| 245 | 0 | _aReport on the fair selling prices of drugs and pha | |
| 260 |
_aBombay _bIndia Tariff (Commission) India _c1968 |
||
| 300 |
_axxii, 752p. _ccm. |
||
| 650 |
_aPharmaceutical Industry _9230534 |
||
| 700 | _aIndia Tariff (Commission) | ||
| 942 |
_hX9(F56):76.2.N68t, K8 _cGB _2CC |
||
| 999 |
_c485197 _d485197 |
||